[Event "Mislata 2015 Torneo A"]
[Site "Mislata ESP"]
[Date "2015.08.14"]
[Round "7.3"]
[White "Jordan Martinez, Miguel"]
[Black "Mingarro Carceller, Sergi"]
[Result "1/2-1/2"]
[WhiteElo "2222"]
[BlackElo "2255"]
[PlyCount "66"]
[EventDate "2015.08.10"]
[EventType "swiss"]
[EventRounds "9"]
[EventCountry "ESP"]
[Source "lmi"]
[SourceDate "2015.08.10"]

1. e4 e5 2. Nf3 Nc6 3. Bc4 Bc5 4. c3 Nf6 5. d3 a6 6. Bb3 Ba7 7. Nbd2 d6 8. h3
h6 9. Nf1 Be6 10. Bc2 d5 11. Qe2 O-O 12. Ng3 dxe4 13. dxe4 b5 14. Bb3 Qd7 15.
Bxe6 fxe6 16. O-O Rad8 17. Be3 Bxe3 18. Qxe3 Qd3 19. Qxd3 Rxd3 20. Rfd1 Rfd8
21. Rxd3 Rxd3 22. Kf1 Kf8 23. a4 Ke7 24. axb5 axb5 25. Ke2 Rd6 26. Ne1 Nd7 27.
Rd1 Nc5 28. Rxd6 cxd6 29. Nd3 g6 30. f3 Nxd3 31. Kxd3 d5 32. Nf1 d4 33. Nd2
dxc3 1/2-1/2

[Event "Mislata 2015 Torneo A"]
[Site "Mislata ESP"]
[Date "2015.08.14"]
[Round "7.4"]
[White "Garcia Fernandez, Carlos"]
[Black "Sanchez Romero, Miquel Angel"]
[Result "1/2-1/2"]
[WhiteElo "2312"]
[BlackElo "2216"]
[PlyCount "118"]
[EventDate "2015.08.10"]
[EventType "swiss"]
[EventRounds "9"]
[EventCountry "ESP"]
[Source "lmi"]
[SourceDate "2015.08.10"]

1. e4 c5 2. c3 Nf6 3. e5 Nd5 4. Nf3 Nc6 5. d4 cxd4 6. Bc4 Nb6 7. Bb3 d5 8. exd6
Qxd6 9. O-O Be6 10. Na3 Bxb3 11. Qxb3 Qd5 12. Nb5 Qxb3 13. axb3 Kd7 14. Rd1 a6
15. Nbxd4 f6 16. Be3 Nxd4 17. Bxd4 Kc6 18. Bxb6 Kxb6 19. Rd7 e5 20. b4 Rc8 21.
Rad1 Rc7 22. Rd8 g6 23. g4 Bg7 24. Rxh8 Bxh8 25. Rd8 Bg7 26. g5 f5 27. Nd2 Kc6
28. Nc4 Re7 29. Rc8+ Kd5 30. f3 e4 31. Rc5+ Ke6 32. fxe4 fxe4 33. Kf2 b5 34.
Nd2 Be5 35. Nxe4 Bxh2 36. Kf3 Rf7+ 37. Ke2 Rf5 38. Rc8 Ke5 39. Nd2 Bf4 40. Nf3+
Ke4 41. Re8+ Kd5 42. Rh8 Bxg5 43. Rxh7 Bc1 44. b3 Bb2 45. Nd4 Rh5 46. Rd7+ Ke4
47. Re7+ Kd5 48. Rd7+ Ke4 49. Re7+ Kd5 50. Rd7+ Ke4 51. Re7+ Re5 52. Rxe5+ Kxe5
53. Kd3 g5 54. Nf3+ Kf4 55. Nxg5 Kxg5 56. Kd4 Kf5 57. Kc5 Bxc3 58. Kb6 Bxb4 59.
Kxa6 Be1 1/2-1/2

[Event "Mislata 2015 Torneo A"]
[Site "Mislata ESP"]
[Date "2015.08.14"]
[Round "7.5"]
[White "Ibanez Aullana, Ramon"]
[Black "Remolar Gallen, Jose"]
[Result "1/2-1/2"]
[WhiteElo "2316"]
[BlackElo "2282"]
[PlyCount "52"]
[EventDate "2015.08.10"]
[EventType "swiss"]
[EventRounds "9"]
[EventCountry "ESP"]
[Source "lmi"]
[SourceDate "2015.08.10"]

1. d4 d5 2. c4 e6 3. Nc3 c6 4. Nf3 dxc4 5. g3 b5 6. Bg2 Bb7 7. O-O Nd7 8. e4
Be7 9. a4 b4 10. Nb1 Ngf6 11. e5 Nd5 12. Nfd2 Ba6 13. Qe2 Qb6 14. Qg4 O-O 15.
a5 Qb7 16. Ne4 Kh8 17. Bg5 Rfe8 18. Bxe7 Rxe7 19. Qh4 f6 20. Rc1 fxe5 21. Nbd2
c3 22. bxc3 bxc3 23. Nxc3 Rae8 24. Nce4 Qc7 25. Ng5 h6 26. dxe5 Nxe5 1/2-1/2

[Event "Mislata 2015 Torneo A"]
[Site "Mislata ESP"]
[Date "2015.08.14"]
[Round "7.6"]
[White "Galvan, Jesus"]
[Black "Jordan Arenas, Manuel"]
[Result "1-0"]
[WhiteElo "2229"]
[BlackElo "2122"]
[PlyCount "220"]
[EventDate "2015.08.10"]
[EventType "swiss"]
[EventRounds "9"]
[EventCountry "ESP"]
[Source "lmi"]
[SourceDate "2015.08.10"]

1. c4 Nf6 2. Nc3 e5 3. g3 Nc6 4. Bg2 Bb4 5. e4 d6 6. Nge2 Bg4 7. h3 Bxe2 8.
Nxe2 a5 9. O-O Bc5 10. d3 Qb8 11. Nc3 Nd4 12. Bg5 c6 13. Kh2 Ne6 14. Bd2 Qa7
15. Qe1 h5 16. Bh1 O-O-O 17. Na4 b6 18. a3 Bd4 19. Rb1 Nd7 20. Qd1 Ndc5 21. b4
axb4 22. Nxc5 Nxc5 23. axb4 Ne6 24. Bf3 g6 25. Kg2 Kd7 26. Be2 Ra8 27. f4 Raf8
28. f5 Nc7 29. Qb3 c5 30. Rf3 Ke7 31. Rbf1 gxf5 32. Rxf5 h4 33. Bg5+ Ke8 34.
Bxh4 Ne6 35. Bd1 Rxh4 36. gxh4 Be3 37. Qa4+ Qxa4 38. Bxa4+ Ke7 39. R5f3 Bd2 40.
bxc5 bxc5 41. Rb1 Bb4 42. Rg3 Rh8 43. Bc6 Rxh4 44. Ra1 Kf6 45. Ra7 Be1 46. Rf3+
Rf4 47. Be8 Rxf3 48. Rxf7+ Kg5 49. Rxf3 Nf4+ 50. Kf1 Bh4 51. Bd7 Kf6 52. Bg4
Ke7 53. Kg1 Bg5 54. Kf2 Bh4+ 55. Ke3 Bg5 56. Kd2 Nxh3+ 57. Kc3 Nf4 58. Rf2 Kf7
59. Ra2 Be7 60. Bf5 Kf6 61. Rh2 Bf8 62. Bg4 Bg7 63. Ra2 Bf8 64. Bd7 Be7 65. Be8
Bf8 66. Ra7 Be7 67. Bc6 Ne2+ 68. Kd2 Nf4 69. Bd5 Ng2 70. Ra8 Nf4 71. Rg8 Ng6
72. Ra8 Nf4 73. Rg8 Ng6 74. Be6 Nf4 75. Bf5 Kf7 76. Rg1 Kf6 77. Rh1 Bf8 78. Rh2
Bg7 79. Ke3 Bf8 80. Ra2 Be7 81. Ra7 Ng2+ 82. Kf3 Nf4 83. Ra3 Bf8 84. Kg4 Be7
85. Bd7 Bf8 86. Bc6 Be7 87. Bd5 Bf8 88. Ra8 Be7 89. Rg8 Nxd3 90. Kh5 Nf4+ 91.
Kh6 Nxd5 92. cxd5 Kf7 93. Rg7+ Kf6 94. Rg2 Kf7 95. Rf2+ Ke8 96. Kg6 Kd8 97. Kf7
Kd7 98. Ra2 Bd8 99. Ra6 Bc7 100. Ra7 Kd8 101. Ke6 Kc8 102. Ra2 Bb8 103. Ra6 Kd8
104. Ra8 Kc7 105. Ra6 Kd8 106. Ra2 Kc8 107. Ke7 Kc7 108. Ra6 Kb7 109. Rc6 Bc7
110. Kd7 Kb8 1-0

[Event "Mislata 2015 Torneo A"]
[Site "Mislata ESP"]
[Date "2015.08.14"]
[Round "7.7"]
[White "Ballester Sanz, Joaquin"]
[Black "Nieves Cabanes, Jose Manuel"]
[Result "1/2-1/2"]
[WhiteElo "2157"]
[BlackElo "2211"]
[PlyCount "58"]
[EventDate "2015.08.10"]
[EventType "swiss"]
[EventRounds "9"]
[EventCountry "ESP"]
[Source "lmi"]
[SourceDate "2015.08.10"]

1. e4 c6 2. d4 d5 3. Nc3 dxe4 4. Nxe4 Bf5 5. Ng3 Bg6 6. h4 h6 7. Nf3 Nd7 8. h5
Bh7 9. Bd3 Bxd3 10. Qxd3 e6 11. Bd2 Ngf6 12. O-O-O Bd6 13. Qe2 Qe7 14. Ne5
O-O-O 15. Rhe1 Bc7 16. f4 Nb6 17. Qf2 Nfd7 18. Kb1 Rhf8 19. Ne4 Nf6 20. Nc5
Nbd7 21. Ncxd7 Nxd7 22. c4 Nf6 23. Rh1 Ne4 24. Qe3 Nxd2+ 25. Rxd2 Qf6 26. g4
Kb8 27. a3 Ka8 28. Ka1 Bb6 29. Qe4 Bc7 1/2-1/2

[Event "Mislata 2015 Torneo A"]
[Site "Mislata ESP"]
[Date "2015.08.14"]
[Round "7.8"]
[White "Serna Lara, Sergio"]
[Black "Garcia Martin, Marta"]
[Result "0-1"]
[WhiteElo "2205"]
[BlackElo "2062"]
[PlyCount "90"]
[EventDate "2015.08.10"]
[EventType "swiss"]
[EventRounds "9"]
[EventCountry "ESP"]
[Source "lmi"]
[SourceDate "2015.08.10"]

1. Nf3 Nf6 2. c4 b6 3. g3 Bb7 4. Bg2 e6 5. O-O Be7 6. d4 O-O 7. Nc3 Ne4 8. Bd2
Bf6 9. Rc1 Nxd2 10. Qxd2 d6 11. e4 Nd7 12. Rfd1 g6 13. Ne1 Bg7 14. f4 Qe7 15.
Nf3 Rfd8 16. Re1 c5 17. d5 e5 18. f5 Nf6 19. Bh3 Nh5 20. Ne2 Nf6 21. Qe3 h5 22.
fxg6 fxg6 23. Be6+ Kh7 24. Ng5+ Kh8 25. Nf7+ Kh7 26. Nxd8 Bh6 27. Qd3 Bxc1 28.
Nxb7 Bxb2 29. Rf1 Rf8 30. Nxd6 Qxd6 31. Kg2 Bd4 32. Nc1 Kg7 33. Nb3 Ne8 34. Nd2
Rxf1 35. Qxf1 Qe7 36. Nf3 Nd6 37. Qd3 Qe8 38. Qa3 Qe7 39. Qd3 Qb7 40. Ng5 Qa6
41. Qf3 Qxa2+ 42. Kh3 Qf2 43. Qa3 Kh6 44. Qxa7 Kxg5 45. Qe7+ Qf6 0-1

[Event "Mislata 2015 Torneo A"]
[Site "Mislata ESP"]
[Date "2015.08.15"]
[Round "8.1"]
[White "Castella Garcia, Fausto"]
[Black "Valmana Canto, Jaime"]
[Result "1-0"]
[WhiteElo "2310"]
[BlackElo "2424"]
[PlyCount "103"]
[EventDate "2015.08.10"]
[EventType "swiss"]
[EventRounds "9"]
[EventCountry "ESP"]
[Source "lmi"]
[SourceDate "2015.08.10"]

1. e4 e5 2. Nf3 Nc6 3. Bc4 Nf6 4. d3 Be7 5. O-O O-O 6. Re1 d6 7. a4 h6 8. a5 a6
9. Nbd2 Nh7 10. c3 Kh8 11. d4 Bf6 12. dxe5 dxe5 13. Qb3 Qe8 14. Nf1 Ng5 15.
Nxg5 Bxg5 16. Bxg5 hxg5 17. Ne3 Ne7 18. Rad1 g6 19. Qa3 c6 20. Ba2 Ng8 21. Nc4
Be6 22. Nb6 Rd8 23. Rxd8 Qxd8 24. Bxe6 fxe6 25. Nd7 Rf4 26. Qd6 Nf6 27. g3 Rf3
28. Nxe5 Qxd6 29. Nf7+ Kg7 30. Nxd6 Rd3 31. Nxb7 Rd2 32. b4 Nd7 33. Re3 Rd1+
34. Kg2 g4 35. h3 gxh3+ 36. Kxh3 g5 37. f4 Kg6 38. fxg5 Kxg5 39. Nd8 Ne5 40.
Nxe6+ Kh5 41. Nd4 Ng4 42. Rf3 Rh1+ 43. Kg2 Rh2+ 44. Kg1 Rb2 45. Rf5+ Kg6 46.
Nxc6 Ne3 47. Ne5+ Kg7 48. Rf3 Rg2+ 49. Kh1 Re2 50. Nd3 Kh6 51. Rf6+ Kg5 52.
Rg6+ 1-0

[Event "Mislata 2015 Torneo A"]
[Site "Mislata ESP"]
[Date "2015.08.15"]
[Round "8.2"]
[White "Cruz Lledo, Pablo"]
[Black "Garcia Fernandez, Carlos"]
[Result "1-0"]
[WhiteElo "2291"]
[BlackElo "2312"]
[PlyCount "109"]
[EventDate "2015.08.10"]
[EventType "swiss"]
[EventRounds "9"]
[EventCountry "ESP"]
[Source "lmi"]
[SourceDate "2015.08.10"]

1. d4 Nf6 2. c4 c5 3. d5 b5 4. cxb5 a6 5. b6 d6 6. Nc3 Nbd7 7. e4 g6 8. Nf3 Bg7
9. Be2 O-O 10. O-O Nxb6 11. a4 a5 12. Qc2 e6 13. dxe6 Bxe6 14. Bg5 h6 15. Bh4
g5 16. Bg3 Nh5 17. Rad1 Nxg3 18. hxg3 Qe7 19. Rfe1 Rfd8 20. Nd5 Bxd5 21. exd5
Qf6 22. b3 Re8 23. Bb5 Rxe1+ 24. Nxe1 Ra7 25. Qd2 Qc3 26. Qxc3 Bxc3 27. Nc2 Kg7
28. g4 Kf6 29. Rd3 Be5 30. Rf3+ Ke7 31. Ne3 f6 32. Nf5+ Kd8 33. Bc6 Rh7 34. Rh3
c4 35. bxc4 Nxc4 36. Kf1 Kc7 37. Ke2 Rh8 38. Ng7 Rb8 39. Ne6+ Kb6 40. Rxh6 Na3
41. Kd3 Ka6 42. Nc7+ Kb6 43. Rh7 Rc8 44. Ne6 Rb8 45. g3 Ka6 46. Nc7+ Kb6 47.
Rf7 Rh8 48. Ne6 Rb8 49. f4 gxf4 50. gxf4 Ba1 51. Rd7 Ka6 52. Rxd6 Rb3+ 53. Ke4
Ka7 54. Rd7+ Kb8 55. Rd8+ 1-0

[Event "Mislata 2015 Torneo A"]
[Site "Mislata ESP"]
[Date "2015.08.15"]
[Round "8.3"]
[White "Sanchez Romero, Miquel Angel"]
[Black "Jordan Martinez, Miguel"]
[Result "0-1"]
[WhiteElo "2216"]
[BlackElo "2222"]
[PlyCount "80"]
[EventDate "2015.08.10"]
[EventType "swiss"]
[EventRounds "9"]
[EventCountry "ESP"]
[Source "lmi"]
[SourceDate "2015.08.10"]

1. d4 d5 2. c4 c6 3. Nc3 Nf6 4. Nf3 e6 5. cxd5 exd5 6. Bg5 Be7 7. e3 h6 8. Bh4
Bf5 9. Bxf6 Bxf6 10. Bd3 Be6 11. O-O O-O 12. Ne2 Qd6 13. Rc1 Bg4 14. Ng3 g6 15.
h3 Bxf3 16. Qxf3 Nd7 17. b4 Bg7 18. Rb1 b6 19. Ne2 a5 20. a3 axb4 21. axb4 Ra3
22. Rfd1 Rc8 23. Nf4 b5 24. Rdc1 Nb6 25. Qg4 Rc7 26. Bc2 Nc4 27. Nd3 Qf6 28.
Ra1 Rca7 29. Rxa3 Rxa3 30. Nc5 Bf8 31. Qc8 Kg7 32. Qxf8+ Kxf8 33. Nd7+ Kg7 34.
Nxf6 Kxf6 35. e4 Rc3 36. e5+ Ke7 37. Kf1 Na3 38. Ke1 Rxc2 39. Ra1 Nc4 40. Ra7+
Kf8 0-1

[Event "Mislata 2015 Torneo A"]
[Site "Mislata ESP"]
[Date "2015.08.15"]
[Round "8.4"]
[White "Sos Andreu, Eric"]
[Black "Remolar Gallen, Jose"]
[Result "1/2-1/2"]
[WhiteElo "2362"]
[BlackElo "2282"]
[PlyCount "46"]
[EventDate "2015.08.10"]
[EventType "swiss"]
[EventRounds "9"]
[EventCountry "ESP"]
[Source "lmi"]
[SourceDate "2015.08.10"]

1. e4 c5 2. Nf3 g6 3. d4 Bg7 4. dxc5 Qa5+ 5. c3 Qxc5 6. Na3 Nc6 7. Nb5 Qb6 8.
Be3 Qa5 9. Nd2 d6 10. Nc4 Qd8 11. Be2 Nf6 12. f3 O-O 13. O-O Be6 14. Nd4 Nxd4
15. Bxd4 d5 16. exd5 Nxd5 17. Bxg7 Kxg7 18. Qd4+ Nf6 19. Qxd8 Rfxd8 20. Rfd1
Rac8 21. Ne3 Nd5 22. Nxd5 Rxd5 23. Rxd5 Bxd5 1/2-1/2

[Event "Mislata 2015 Torneo A"]
[Site "Mislata ESP"]
[Date "2015.08.15"]
[Round "8.5"]
[White "Mingarro Carceller, Sergi"]
[Black "Galvan, Jesus"]
[Result "1-0"]
[WhiteElo "2255"]
[BlackElo "2229"]
[PlyCount "101"]
[EventDate "2015.08.10"]
[EventType "swiss"]
[EventRounds "9"]
[EventCountry "ESP"]
[Source "lmi"]
[SourceDate "2015.08.10"]

1. e4 c5 2. Nf3 Nc6 3. Bb5 g6 4. Bxc6 bxc6 5. O-O Bg7 6. Re1 f6 7. c3 Nh6 8. d4
cxd4 9. cxd4 O-O 10. Nc3 d6 11. h3 Nf7 12. b3 a5 13. Bb2 Ba6 14. Rc1 Rc8 15.
Ne2 Qb6 16. Rc2 Rfd8 17. Nf4 Re8 18. e5 a4 19. bxa4 Bh6 20. Ne6 Qa5 21. Bc1
Qxa4 22. Bxh6 Nxh6 23. Qd2 Nf5 24. Rb2 Bc4 25. Nf4 Rb8 26. Rc2 Ng7 27. Nh2 Qb4
28. Qc1 Bb5 29. Ng4 fxe5 30. dxe5 Rf8 31. Ne2 Nf5 32. Nc3 Ba6 33. exd6 exd6 34.
Ne4 Qd4 35. Qg5 Bd3 36. Nef6+ Kg7 37. Rxc6 Rb7 38. Nh5+ Kh8 39. Nf4 Ng7 40.
Nxd3 Qxd3 41. Rec1 Rb1 42. R6c3 Rxc1+ 43. Qxc1 Qa6 44. a3 d5 45. Qd2 Qb5 46.
Qd4 Qb1+ 47. Kh2 Qb8+ 48. g3 h5 49. Ne5 Kh7 50. Nd7 Ne6 51. Nxf8+ 1-0

[Event "Mislata 2015 Torneo A"]
[Site "Mislata ESP"]
[Date "2015.08.15"]
[Round "8.6"]
[White "Garcia Martin, Marta"]
[Black "Ballester Sanz, Joaquin"]
[Result "1-0"]
[WhiteElo "2062"]
[BlackElo "2157"]
[PlyCount "95"]
[EventDate "2015.08.10"]
[EventType "swiss"]
[EventRounds "9"]
[EventCountry "ESP"]
[Source "lmi"]
[SourceDate "2015.08.10"]

1. e4 c5 2. Nf3 d6 3. Bb5+ Bd7 4. Bxd7+ Qxd7 5. c4 Nf6 6. Nc3 g6 7. d4 cxd4 8.
Nxd4 Bg7 9. f3 O-O 10. Be3 Qc7 11. Rc1 Nc6 12. b3 a6 13. O-O e6 14. Qd2 Rac8
15. Rfd1 Nxd4 16. Bxd4 Rfd8 17. Na4 Qe7 18. Nb6 Rc6 19. a4 Nd7 20. Nxd7 Rxd7
21. Bxg7 Kxg7 22. c5 d5 23. b4 Rcc7 24. Qc3+ Qf6 25. Qxf6+ Kxf6 26. exd5 Rxd5
27. Rxd5 exd5 28. Kf2 a5 29. b5 Ke5 30. Ke3 d4+ 31. Kd3 Kd5 32. c6 bxc6 33.
Rxc6 Rxc6 34. bxc6 Kxc6 35. Kxd4 Kd6 36. Kc4 Kc6 37. h4 f5 38. g3 h6 39. g4 f4
40. g5 h5 41. Kd4 Kd6 42. Ke4 Kc5 43. Kxf4 Kd4 44. Kg3 Ke3 45. Kg2 Ke2 46. f4
Ke3 47. f5 gxf5 48. g6 1-0

[Event "Mislata 2015 Torneo A"]
[Site "Mislata ESP"]
[Date "2015.08.15"]
[Round "8.7"]
[White "Torrijos Garcia, Borja"]
[Black "Ibanez Aullana, Ramon"]
[Result "0-1"]
[WhiteElo "1862"]
[BlackElo "2316"]
[PlyCount "84"]
[EventDate "2015.08.10"]
[EventType "swiss"]
[EventRounds "9"]
[EventCountry "ESP"]
[Source "lmi"]
[SourceDate "2015.08.10"]

1. c4 e5 2. Nc3 Nf6 3. g3 d5 4. cxd5 Nxd5 5. Bg2 Nb6 6. Nf3 Nc6 7. O-O Be7 8.
d3 O-O 9. a3 Re8 10. b4 a5 11. b5 Nd4 12. e3 Nxf3+ 13. Bxf3 a4 14. Bb2 Ra7 15.
Qe2 Be6 16. Rfd1 Qd7 17. Qf1 Bb3 18. Rdc1 Rd8 19. Be2 Be6 20. Rd1 Bh3 21. Qe1
Qe6 22. Rd2 Qd7 23. Rdd1 Be6 24. Qf1 f5 25. Qg2 Bf6 26. Rab1 Bb3 27. Rdc1 g5
28. f4 gxf4 29. gxf4+ Kh8 30. Kh1 Rg8 31. Qh3 exf4 32. exf4 Raa8 33. Bf3 Qxd3
34. Ne4 Bxb2 35. Ng5 Rxg5 36. Rd1 Bxd1 37. Rxd1 Qc3 38. fxg5 Re8 39. Qxf5 Qg7
40. Be4 Bxa3 41. Rg1 Nc4 42. Bd3 Nd6 0-1

[Event "Mislata 2015 Torneo A"]
[Site "Mislata ESP"]
[Date "2015.08.15"]
[Round "8.8"]
[White "Nieves Cabanes, Jose Manuel"]
[Black "Fernandez Gil, Ruben Carlos"]
[Result "1-0"]
[WhiteElo "2211"]
[BlackElo "2083"]
[PlyCount "51"]
[EventDate "2015.08.10"]
[EventType "swiss"]
[EventRounds "9"]
[EventCountry "ESP"]
[Source "lmi"]
[SourceDate "2015.08.10"]

1. d4 c5 2. d5 f5 3. c4 Nf6 4. Nc3 g6 5. g3 d6 6. Bg2 Bg7 7. Nf3 Na6 8. O-O O-O
9. e4 e5 10. dxe6 Bxe6 11. exf5 Bxc4 12. fxg6 Bxf1 13. gxh7+ Nxh7 14. Qxf1 d5
15. Nh4 Nc7 16. Ng6 Rf7 17. Bf4 Nf6 18. Rd1 d4 19. Ne5 Qe8 20. Nxf7 Qxf7 21.
Bxc7 dxc3 22. Be5 cxb2 23. Bxb2 Kh8 24. Qb5 Rf8 25. Qxc5 b6 26. Qg5 1-0

[Event "Mislata 2015 Torneo A"]
[Site "Mislata ESP"]
[Date "2015.08.16"]
[Round "9.1"]
[White "Valmana Canto, Jaime"]
[Black "Mingarro Carceller, Sergi"]
[Result "1-0"]
[WhiteElo "2424"]
[BlackElo "2255"]
[PlyCount "59"]
[EventDate "2015.08.10"]
[EventType "swiss"]
[EventRounds "9"]
[EventCountry "ESP"]
[Source "lmi"]
[SourceDate "2015.08.10"]

1. g3 f5 2. Bg2 Nf6 3. d4 g6 4. Nf3 Bg7 5. O-O O-O 6. b3 Ne4 7. Bb2 d5 8. Ne5
Be6 9. f3 Nd6 10. f4 Nd7 11. Nd2 Nxe5 12. dxe5 Ne4 13. Nxe4 dxe4 14. Qc1 c5 15.
Qe3 Qc7 16. Kh1 h5 17. h3 Kf7 18. Rf2 Rad8 19. Kg1 c4 20. Bd4 c3 21. Bxa7 Rd2
22. Rc1 Ra8 23. a4 g5 24. Bb6 Qd7 25. fxg5 Kg8 26. g6 Ra6 27. a5 Bxe5 28. Qh6
Rxb6 29. Qh7+ Kf8 30. Rxf5+ 1-0

[Event "Mislata 2015 Torneo A"]
[Site "Mislata ESP"]
[Date "2015.08.16"]
[Round "9.2"]
[White "Jordan Martinez, Miguel"]
[Black "Castella Garcia, Fausto"]
[Result "0-1"]
[WhiteElo "2222"]
[BlackElo "2310"]
[PlyCount "118"]
[EventDate "2015.08.10"]
[EventType "swiss"]
[EventRounds "9"]
[EventCountry "ESP"]
[Source "lmi"]
[SourceDate "2015.08.10"]

1. e4 c5 2. c3 d5 3. exd5 Qxd5 4. d4 Nc6 5. Nf3 Bg4 6. Be2 cxd4 7. cxd4 e6 8.
Nc3 Bb4 9. O-O Qa5 10. Be3 Nge7 11. Ne4 Bf5 12. Ng3 Bg6 13. a3 Bd6 14. b4 Qd8
15. Qb3 Nd5 16. Rfd1 O-O 17. Nd2 f5 18. f4 Bxf4 19. Bf2 Rc8 20. Nf3 Nce7 21.
Bf1 Qd6 22. Re1 Rc3 23. Qa4 Be3 24. Bxe3 Rxe3 25. Ne5 Nb6 26. Qxa7 Qxd4 27.
Red1 Rd3+ 28. Kh1 Rxd1 29. Rxd1 Qxd1 30. Qxb6 Nc6 31. Nxc6 bxc6 32. Kg1 f4 33.
Ne2 e5 34. Qxc6 e4 35. Qe6+ Kh8 36. Qe7 Re8 37. Qc5 f3 38. gxf3 exf3 39. Nf4
Be4 40. b5 Qd2 41. Nh3 h6 42. Nf2 Ba8 43. b6 Qe1 44. Nh1 Qe3+ 45. Qxe3 Rxe3 46.
a4 Ra3 47. a5 Rxa5 48. Kf2 Ra2+ 49. Ke3 Rxh2 50. Nf2 Rh4 51. Nd3 Re4+ 52. Kxf3
Re6+ 53. Kg4 Rxb6 54. Ne5 g6 55. Bd3 Kg7 56. Kf4 Rb4+ 57. Ke3 g5 58. Nc4 h5 59.
Nd6 h4 0-1

[Event "Mislata 2015 Torneo A"]
[Site "Mislata ESP"]
[Date "2015.08.16"]
[Round "9.3"]
[White "Garcia Martin, Marta"]
[Black "Cruz Lledo, Pablo"]
[Result "0-1"]
[WhiteElo "2062"]
[BlackElo "2291"]
[PlyCount "102"]
[EventDate "2015.08.10"]
[EventType "swiss"]
[EventRounds "9"]
[EventCountry "ESP"]
[Source "lmi"]
[SourceDate "2015.08.10"]

1. e4 c6 2. Nf3 d5 3. Nc3 Nf6 4. e5 Ne4 5. d4 Qa5 6. Bd3 Bg4 7. O-O Nxc3 8.
bxc3 Qxc3 9. Rb1 b5 10. h3 Bxf3 11. Qxf3 Qxd4 12. Rxb5 Nd7 13. Bb2 Qa4 14. Rb3
e6 15. Rb7 Be7 16. Be2 Rb8 17. Rxb8+ Nxb8 18. Qb3 Qxb3 19. axb3 Nd7 20. Ra1 Bc5
21. b4 Bb6 22. c4 dxc4 23. Bxc4 Ke7 24. Kf1 Rd8 25. Ke2 Nf8 26. Bc3 Ng6 27. g3
Ke8 28. Rc1 Ne7 29. Be1 g5 30. Bd3 h6 31. Be4 Kd7 32. Bd2 Nd5 33. Rh1 Bd4 34.
Bxd5 cxd5 35. f4 gxf4 36. Bxf4 Rb8 37. Rb1 h5 38. Kd3 Bb6 39. Rf1 Rg8 40. h4
Rg4 41. Ke2 Kc6 42. Kd3 Kb5 43. Kc3 Rg8 44. Kb3 Be3 45. Bxe3 Rxg3 46. Rxf7
Rxe3+ 47. Kb2 Kxb4 48. Rxa7 Rxe5 49. Rh7 Re2+ 50. Kc1 Kc3 51. Kd1 Re5 0-1

[Event "Mislata 2015 Torneo A"]
[Site "Mislata ESP"]
[Date "2015.08.16"]
[Round "9.4"]
[White "Ibanez Aullana, Ramon"]
[Black "Sos Andreu, Eric"]
[Result "0-1"]
[WhiteElo "2316"]
[BlackElo "2362"]
[PlyCount "114"]
[EventDate "2015.08.10"]
[EventType "swiss"]
[EventRounds "9"]
[EventCountry "ESP"]
[Source "lmi"]
[SourceDate "2015.08.10"]

1. c4 c5 2. Nf3 Nc6 3. d4 cxd4 4. Nxd4 g6 5. e4 Nf6 6. Nc3 Nxd4 7. Qxd4 d6 8.
Be3 Bg7 9. Be2 O-O 10. Qd2 Ng4 11. Bxg4 Bxg4 12. f3 Be6 13. b3 b5 14. cxb5 Qa5
15. Bd4 Bxd4 16. Qxd4 Bxb3 17. O-O Be6 18. Rfc1 Rab8 19. a4 Rfc8 20. Nd5 Bxd5
21. exd5 a6 22. Rxc8+ Rxc8 23. b6 Rb8 24. Rb1 f6 25. h4 Kf7 26. Kh2 Ke8 27. b7
Qc5 28. Qe4 Qc7 29. Qe6 Kf8 30. h5 Rxb7 31. Rxb7 Qxb7 32. h6 Qc7 33. f4 Qc4 34.
Kg3 Qd3+ 35. Kg4 Qd1+ 36. Kg3 Qb3+ 37. Kg4 Qxa4 38. Qc8+ Qe8 39. Qxa6 Kf7 40.
Qb7 Qf8 41. Qd7 Qxh6 42. Qe6+ Kf8 43. Qc8+ Kg7 44. Qe6 Qh5+ 45. Kg3 Kh6 46.
Qxe7 Qxd5 47. Qf8+ Kh5 48. Qxf6 g5 49. Kh3 gxf4 50. Qxf4 Qe6+ 51. g4+ Kg6 52.
Qd4 h5 53. Qd3+ Kg7 54. Qd4+ Kf7 55. Qa7+ Kg6 56. Qd4 hxg4+ 57. Qxg4+ Kf6 0-1

[Event "Mislata 2015 Torneo A"]
[Site "Mislata ESP"]
[Date "2015.08.16"]
[Round "9.5"]
[White "Remolar Gallen, Jose"]
[Black "Nieves Cabanes, Jose Manuel"]
[Result "1-0"]
[WhiteElo "2282"]
[BlackElo "2211"]
[PlyCount "43"]
[EventDate "2015.08.10"]
[EventType "swiss"]
[EventRounds "9"]
[EventCountry "ESP"]
[Source "lmi"]
[SourceDate "2015.08.10"]

1. e4 c6 2. d4 d5 3. e5 Bf5 4. g4 Bd7 5. f4 e6 6. Nf3 c5 7. c3 Qb6 8. Qb3 c4 9.
Qc2 h5 10. gxh5 Nc6 11. Be2 Rxh5 12. f5 exf5 13. Nbd2 Rh8 14. Nf1 O-O-O 15. Bf4
f6 16. exf6 Nxf6 17. Ne3 Qa5 18. O-O Ne4 19. b4 cxb3 20. axb3 Qxc3 21. Nxd5 Bc5
22. dxc5 1-0

[Event "Mislata 2015 Torneo A"]
[Site "Mislata ESP"]
[Date "2015.08.16"]
[Round "9.6"]
[White "Garcia Fernandez, Carlos"]
[Black "Jordan Martinez, David"]
[Result "1-0"]
[WhiteElo "2312"]
[BlackElo "2161"]
[PlyCount "51"]
[EventDate "2015.08.10"]
[EventType "swiss"]
[EventRounds "9"]
[EventCountry "ESP"]
[Source "lmi"]
[SourceDate "2015.08.10"]

1. e4 e6 2. d4 d5 3. e5 c5 4. c3 Nc6 5. Nf3 Bd7 6. a3 Nge7 7. b4 cxd4 8. cxd4
Nf5 9. Nc3 Rc8 10. Bb2 Be7 11. h4 h5 12. g3 O-O 13. Bh3 Nh6 14. Ne2 g6 15. Nf4
Kg7 16. O-O b5 17. Qd2 a5 18. Nd3 f5 19. exf6+ Bxf6 20. Nc5 Nf5 21. Rfe1 Re8
22. Re2 Qc7 23. Rae1 Qd6 24. Bxf5 exf5 25. Ne5 Be6 26. Nxc6 1-0

[Event "Mislata 2015 Torneo A"]
[Site "Mislata ESP"]
[Date "2015.08.16"]
[Round "9.8"]
[White "Calvo Alfonso, Vicente"]
[Black "Orosa Martinez, Victor"]
[Result "1/2-1/2"]
[WhiteElo "2079"]
[BlackElo "2114"]
[PlyCount "113"]
[EventDate "2015.08.10"]
[EventType "swiss"]
[EventRounds "9"]
[EventCountry "ESP"]
[Source "lmi"]
[SourceDate "2015.08.10"]

1. d4 Nf6 2. c4 g6 3. f3 e5 4. dxe5 Nh5 5. g3 Nc6 6. f4 d6 7. Nc3 Bg7 8. e3 O-O
9. Bg2 dxe5 10. Qxd8 Rxd8 11. Nd5 exf4 12. gxf4 Na5 13. Nxc7 Rb8 14. Ne2 Nxc4
15. Nc3 Bf5 16. O-O Rd7 17. N7d5 b5 18. e4 Bd4+ 19. Kh1 Bg4 20. a4 b4 21. Nb5
Bxb2 22. Bxb2 Nxb2 23. Nxb4 Be2 24. Rf2 Bxb5 25. axb5 Nd3 26. Nxd3 Rxd3 27.
Rxa7 Rxb5 28. Ra1 Rdb3 29. h3 R5b4 30. Re1 Rb2 31. Rf3 R4b3 32. Rxb3 Rxb3 33.
f5 gxf5 34. exf5 Ng3+ 35. Kh2 Nxf5 36. Re2 Kg7 37. Rf2 Rb5 38. Be4 Nh4 39. Bxh7
Kxh7 40. Rxf7+ Kg6 41. Ra7 Kg5 42. Ra4 Rb2+ 43. Kg1 Nf3+ 44. Kf1 Kf5 45. h4 Rh2
46. h5 Rxh5 47. Kg2 Ne5 48. Kg3 Rg5+ 49. Kf2 Rh5 50. Kg2 Nd3 51. Ra5+ Ne5 52.
Ra4 Rg5+ 53. Kf2 Ng4+ 54. Kf3 Rg8 55. Rf4+ Ke5 56. Rxg4 Rxg4 57. Kxg4 1/2-1/2